| 000 | 00818nam a2200313Ia 4500 | ||
|---|---|---|---|
| 001 | Z_1762 | ||
| 003 | CHAP | ||
| 008 | 220113s9999 xx 000 0 und d | ||
| 010 | _a164853 | ||
| 040 | _cCHAP | ||
| 082 | _a575.1 L487 | ||
| 100 |
_aLevine, Robert Paul _966466 |
||
| 245 |
_aGenética / _cRobert Paul Levine; traducción Fidel Marquez Sánchez |
||
| 250 | _a2a ed. | ||
| 260 |
_aMéxico : _bCECSA, _c |
||
| 300 | _a237 p. | ||
| 440 |
_aSerie: Biología moderna _9104634 |
||
| 500 | _aTraducción de la obra en inglés: Genetics 2a ed. | ||
| 503 | _aej.1: s/n | ||
| 504 | _aIncluye bibliografía | ||
| 650 |
_aGenética _947469 |
||
| 700 |
_aMarquez Sánchez, Fidel, tr. _9138350 |
||
| 901 | _a575.1 L487 | ||
| 902 | _aM | ||
| 910 | _a | ||
| 942 | _c1 | ||
| 942 | _cc1 | ||
| 999 |
_c164853 _d164853 |
||